| 000 | 00561-am-a2200181-a-4500 | ||
|---|---|---|---|
| 001 | 000113200 | ||
| 003 | AM-YEHGA | ||
| 005 | 20250617122426.0 | ||
| 008 | 990830s1972 xxu 000 0 rus u | ||
| 020 | _c00.11 | ||
| 040 | _aAM-YeHGA | ||
| 100 | 1 | 0 | _aТроицкий, Георгий Алексеевич |
| 245 | 1 | 0 |
_aЛоси Карелии / _cГ.А. Троицкий. |
| 260 | 0 |
_aПетрозаводск , _c1972. |
|
| 300 |
_a72 с. : _bс и ; _c. |
||
| 650 | 4 | _aМлекопитающие или звери. Мамалиология | |
| 090 | _c37596 | ||
| 999 |
_c37032 _d37032 |
||